[Event "Oberliga Ost-B 2122"]
[Site "Germany"]
[Date "2022.05.22"]
[Round "5.3"]
[White "Nothnagel, Holger"]
[Black "Schubert, Nikita"]
[Result "1-0"]
[WhiteElo "2318"]
[BlackElo "1922"]
[PlyCount "107"]
[EventDate "2021.10.10"]
[EventType "team-tourn"]
[EventRounds "11"]
[EventCountry "GER"]
[SourceTitle "EXT 2023"]
[Source "ChessBase"]
[SourceDate "2022.10.05"]
[SourceVersion "1"]
[SourceVersionDate "2022.10.05"]
[SourceQuality "1"]
[WhiteTeam "Griesheim"]
[BlackTeam "Gera"]
[WhiteTeamCountry "GER"]
[BlackTeamCountry "GER"]

1. Nf3 Nf6 2. c4 e6 3. b3 d5 4. Bb2 Be7 5. g3 0-0 6. Bg2 c5 7. cxd5 exd5 8. d4 Nc6 9. 0-0 Bf5 10. Nc3 c4 11. bxc4 dxc4 12. d5 Nb4 13. Nh4 Bg4 14. h3 Bh5 15. Qd2 Bd6 16. a3 Na6 17. Nf5 Nc5 18. Nb5 Bb8 19. d6 a6 20. Ne7+ Kh8 21. Bxf6 gxf6 22. Qd4 Nd7 23. Bxb7 axb5 24. Bxa8 Qb6 25. Qxb6 Nxb6 26. Bf3 Bxf3 27. exf3 Bxd6 28. Nf5 Be5 29. Rab1 Na4 30. Rxb5 Ra8 31. Rc1 c3 32. f4 Bc7 33. Rb7 Ba5 34. Rcb1 Nb2 35. Ne3 Kg7 36. R7xb2 cxb2 37. Rxb2 Bc3 38. Rb3 Ba5 39. Kg2 Kg6 40. Kf3 Bc7 41. h4 Ra4 42. Nd5 Bd6 43. Rb6 Rxa3+ 44. Kg2 Bc5 45. Rc6 Bf8 46. h5+ Kg7 47. Nxf6 h6 48. Ng4 Kh7 49. Rc7 Kg8 50. Rc8 Ra5 51. Nxh6+ Kg7 52. g4 Kxh6 53. Rxf8 Ra3 54. Rc8 1-0

[Event "Oberliga Ost-B 1819"]
[Site "Germany"]
[Date "2019.03.23"]
[Round "8.2"]
[White "Siebarth, Raiko"]
[Black "Nothnagel, Holger"]
[Result "1/2-1/2"]
[WhiteElo "2260"]
[BlackElo "2303"]
[PlyCount "108"]
[EventDate "2018.10.21"]
[EventType "team-tourn"]
[EventRounds "11"]
[EventCountry "GER"]
[SourceTitle "EXT 2020"]
[Source "ChessBase"]
[SourceDate "2019.10.17"]
[SourceVersion "1"]
[SourceVersionDate "2019.10.17"]
[SourceQuality "1"]
[WhiteTeam "Stadtilm Blau Weiss"]
[BlackTeam "Griesheim II"]
[WhiteTeamCountry "GER"]
[BlackTeamCountry "GER"]

1. e4 e6 2. d4 d5 3. Nd2 c5 4. exd5 Qxd5 5. Ngf3 cxd4 6. Bc4 Qd7 7. Nb3 Nc6 8. Nbxd4 Nxd4 9. Nxd4 a6 10. 0-0 Nf6 11. Re1 Qc7 12. Qe2 Bd6 13. Bg5 0-0 14. h3 b5 15. Bd3 Nd5 16. c3 Bb7 17. Rad1 Bh2+ 18. Kf1 Bf4 19. Qg4 Bxg5 20. Qxg5 Nf4 21. Be4 h6 22. Qg3 Qc4+ 23. Kg1 Bxe4 24. Qxf4 Bd5 25. a3 Rac8 26. Re3 Qc7 27. Qh4 Qd8 28. Qh5 Qf6 29. Rg3 Rfd8 30. Re1 Bb7 31. Qe5 Qxe5 32. Rxe5 Rd5 33. Re1 e5 34. Nf5 Kf8 35. Re2 Rcd8 36. Kh2 Rd2 37. Rge3 f6 38. h4 Bc8 39. Ng3 Kf7 40. Rxd2 Rxd2 41. Ne4 Rd5 42. b4 Rd1 43. f3 h5 44. Kg3 Be6 45. Nc5 Bc4 46. f4 exf4+ 47. Kxf4 Rd2 48. g3 Ra2 49. Nxa6 Rxa3 50. Nc5 Ra1 51. Rf3 Re1 52. Re3 Rd1 53. Rf3 Re1 54. Re3 Rd1 1/2-1/2

[Event "Oberliga Ost-B 1819"]
[Site "Germany"]
[Date "2019.02.02"]
[Round "6.1"]
[White "Nothnagel, Holger"]
[Black "Schmidt Schaeffer, Sebastian"]
[Result "1-0"]
[WhiteElo "2303"]
[BlackElo "2357"]
[PlyCount "75"]
[EventDate "2018.10.21"]
[EventType "team-tourn"]
[EventRounds "11"]
[EventCountry "GER"]
[SourceTitle "EXT 2020"]
[Source "ChessBase"]
[SourceDate "2019.10.17"]
[SourceVersion "1"]
[SourceVersionDate "2019.10.17"]
[SourceQuality "1"]
[WhiteTeam "Griesheim II"]
[BlackTeam "Naumburg"]
[WhiteTeamCountry "GER"]
[BlackTeamCountry "GER"]

1. b3 d5 2. Bb2 c5 3. e3 Nc6 4. Nf3 Nf6 5. Bb5 Qb6 6. Qe2 Bg4 7. h3 Bxf3 8. Bxc6+ Qxc6 9. Qxf3 0-0-0 10. d3 g6 11. Nd2 Bg7 12. 0-0 Rhe8 13. Rfe1 e5 14. e4 d4 15. a4 Re7 16. Nc4 Ne8 17. Bc1 f5 18. exf5 Qxf3 19. gxf3 gxf5 20. Bf4 Rd5 21. Re2 Nd6 22. Rae1 Nf7 23. Bg3 Re6 24. f4 e4 25. dxe4 fxe4 26. Rxe4 Rxe4 27. Rxe4 d3 28. cxd3 Nh6 29. Re7 Nf5 30. Rf7 Kd8 31. Ne3 Nxe3 32. fxe3 Bb2 33. Rxb7 Rxd3 34. Kf2 h5 35. Kf3 Ba3 36. f5 Rd5 37. Ke4 Rd1 38. Rxa7 1-0

[Event "Oberliga Ost-B 1819"]
[Site "Germany"]
[Date "2018.10.21"]
[Round "1.3"]
[White "Di Capua, Francesco Stefano"]
[Black "Nothnagel, Holger"]
[Result "0-1"]
[WhiteElo "1902"]
[BlackElo "2303"]
[PlyCount "110"]
[EventDate "2018.10.21"]
[EventType "team-tourn"]
[EventRounds "11"]
[EventCountry "GER"]
[SourceTitle "EXT 2020"]
[Source "ChessBase"]
[SourceDate "2019.10.17"]
[SourceVersion "1"]
[SourceVersionDate "2019.10.17"]
[SourceQuality "1"]
[WhiteTeam "Gernsheim"]
[BlackTeam "Griesheim II"]
[WhiteTeamCountry "GER"]
[BlackTeamCountry "GER"]

1. d4 g6 2. c4 Bg7 3. Nf3 c5 4. Nc3 cxd4 5. Nxd4 Nc6 6. Nc2 Nf6 7. g3 0-0 8. Bg2 d6 9. 0-0 Be6 10. Ne3 Rc8 11. Bd2 Qd7 12. Qa4 Rfd8 13. Rfd1 a6 14. Ned5 Bxd5 15. cxd5 Ne5 16. Qxd7 Nfxd7 17. Bg5 Kf8 18. Rac1 Nc4 19. Rc2 b5 20. Bh3 Ke8 21. Rdc1 Nxb2 22. Rxb2 Rxc3 23. Rxc3 Bxc3 24. Rc2 b4 25. Bd2 Bxd2 26. Bxd7+ Kxd7 27. Rxd2 Rc8 28. f3 Rc3 29. Kf2 a5 30. Rd4 Rc2 31. a3 b3 32. Rd3 a4 33. Rd4 Rc7 34. Ke3 Rb7 35. Rd1 Kc7 36. Kd4 Kb6 37. Kc3 Kb5 38. Kb2 Rc7 39. Rd2 Rc4 40. e4 Kc5 41. h4 Rd4 42. Rh2 Rd3 43. h5 Rxf3 44. hxg6 hxg6 45. Rh8 Rxg3 46. Re8 Rg2+ 47. Kb1 Ra2 48. Rxe7 Rxa3 49. Rxf7 Ra2 50. Rc7+ Kd4 51. Rd7 Re2 52. Ra7 Kc3 53. Rc7+ Kb4 54. Rb7+ Ka3 55. Kc1 Rxe4 0-1

[Event "Hessenliga 1718"]
[Site "Hessen"]
[Date "2018.03.11"]
[Round "8.1"]
[White "Nothnagel, Holger"]
[Black "Koch, Markus"]
[Result "1/2-1/2"]
[WhiteElo "2310"]
[BlackElo "2126"]
[PlyCount "80"]
[EventDate "2017.09.17"]
[EventType "team-tourn"]
[EventRounds "9"]
[EventCountry "GER"]
[SourceTitle "CBM 189 Extra"]
[Source "ChessBase"]
[SourceDate "2019.05.31"]
[SourceVersion "1"]
[SourceVersionDate "2019.05.31"]
[SourceQuality "1"]
[WhiteTeam "Griesheim II"]
[BlackTeam "Frankfurt BvK"]
[WhiteTeamCountry "GER"]
[BlackTeamCountry "GER"]

1. b3 e5 2. Bb2 Nc6 3. Nf3 e4 4. Nd4 Nf6 5. Nxc6 bxc6 6. e3 d5 7. d4 a5 8. Qd2 Be7 9. Be2 0-0 10. Nc3 c5 11. dxc5 Bxc5 12. Na4 Bd6 13. Bc3 Qe7 14. 0-0 Bd7 15. Bxf6 Qxf6 16. Qxd5 Bc6 17. Qc4 Rab8 18. g3 Bb5 19. Qxb5 Rxb5 20. Bxb5 h5 21. Be2 h4 22. Rad1 Re8 23. Rd5 Re5 24. Rxe5 Qxe5 25. Rd1 g6 26. Rd4 Kg7 27. Kg2 Qf5 28. c4 Bb4 29. Rd5 Qf6 30. Rd1 h3+ 31. Kg1 Qe6 32. Rd5 c6 33. Rd1 Kh6 34. Rd4 Qf5 35. Rd1 Kg7 36. Rc1 Kf6 37. Rd1 Kg5 38. Rc1 Qe5 39. Rd1 f5 40. Bf1 Kg4 1/2-1/2

[Event "Hessenliga 1516"]
[Site "Germany"]
[Date "2016.02.01"]
[Round "6.1"]
[White "Schoenau, Werner"]
[Black "Nothnagel, Holger"]
[Result "0-1"]
[WhiteElo "2216"]
[BlackElo "2314"]
[PlyCount "98"]
[EventDate "2015.09.27"]
[EventType "team-tourn"]
[EventRounds "9"]
[EventCountry "GER"]
[SourceTitle "EXT 2018"]
[Source "ChessBase"]
[SourceDate "2017.10.13"]
[SourceVersion "1"]
[SourceVersionDate "2017.10.13"]
[SourceQuality "1"]
[WhiteTeam "Dettingen"]
[BlackTeam "Griesheim II"]
[WhiteTeamCountry "GER"]
[BlackTeamCountry "GER"]

1. g3 d5 2. f4 Nf6 3. Bg2 g6 4. Nf3 Bg7 5. 0-0 0-0 6. d3 c5 7. Qe1 Nc6 8. e4 dxe4 9. dxe4 e5 10. Nc3 Re8 11. f5 gxf5 12. Nh4 f4 13. gxf4 Nd4 14. fxe5 Ng4 15. Qg3 Nxc2 16. Nd5 Nd4 17. Bf3 Bxe5 18. Bf4 Bxf4 19. Nxf4 Kh8 20. Bxg4 Bxg4 21. Qxg4 Rg8 22. Nfg6+ fxg6 23. Rf7 Rg7 24. Raf1 Qe8 25. Rxg7 Kxg7 26. Nf5+ Nxf5 27. exf5 Qe3+ 28. Kg2 Rf8 29. f6+ Rxf6 30. Qd7+ Kh6 31. Rxf6 Qg5+ 32. Kh3 Qxf6 33. Qxb7 Qe6+ 34. Kg3 Qxa2 35. Qb8 Qf7 36. Qd6 Qb3+ 37. Kg4 Qb4+ 38. Kg3 Qe1+ 39. Kf3 Qf1+ 40. Ke3 Qg1+ 41. Kf3 Qd4 42. Qf8+ Kh5 43. Qf7 Qg4+ 44. Ke3 Qh3+ 45. Kd2 Qxh2+ 46. Kc3 Qe5+ 47. Kb3 h6 48. Qxa7 g5 49. Qf7+ Kh4 0-1

[Event "Hessenliga 1516"]
[Site "Germany"]
[Date "2015.11.08"]
[Round "2.1"]
[White "Fromme, Ernst"]
[Black "Nothnagel, Holger"]
[Result "1/2-1/2"]
[WhiteElo "2142"]
[BlackElo "2314"]
[PlyCount "33"]
[EventDate "2015.09.27"]
[EventType "team-tourn"]
[EventRounds "9"]
[EventCountry "GER"]
[SourceTitle "EXT 2018"]
[Source "ChessBase"]
[SourceDate "2017.10.13"]
[SourceVersion "1"]
[SourceVersionDate "2017.10.13"]
[SourceQuality "1"]
[WhiteTeam "Bad Nauheim"]
[BlackTeam "Griesheim II"]
[WhiteTeamCountry "GER"]
[BlackTeamCountry "GER"]

1. Nf3 c5 2. g3 g6 3. c3 Bg7 4. d4 b6 5. Bg2 Bb7 6. 0-0 Nf6 7. Qb3 cxd4 8. Ne5 d5 9. cxd4 0-0 10. Nc3 Nc6 11. Rd1 e6 12. Bg5 h6 13. Bf4 Rc8 14. Rac1 Qe7 15. Nb5 Rfd8 16. Qa4 a5 17. a3 1/2-1/2

[Event "Hessenliga 1415"]
[Site "Hessen"]
[Date "2015.01.25"]
[Round "5.2"]
[White "Stickler, Roberto"]
[Black "Nothnagel, Holger"]
[Result "1/2-1/2"]
[WhiteElo "2227"]
[BlackElo "2306"]
[PlyCount "32"]
[EventDate "2014.09.28"]
[EventType "team-tourn"]
[EventRounds "9"]
[EventCountry "GER"]
[SourceTitle "EXT 2016"]
[Source "ChessBase"]
[SourceDate "2015.10.08"]
[SourceVersion "1"]
[SourceVersionDate "2015.10.08"]
[SourceQuality "1"]
[WhiteTeam "Dettingen"]
[BlackTeam "Griesheim II"]
[WhiteTeamCountry "GER"]
[BlackTeamCountry "GER"]

1. d4 g6 2. Bf4 Bg7 3. e3 c5 4. Nf3 Nf6 5. c3 b6 6. Nbd2 Bb7 7. Bd3 0-0 8. 0-0 d6 9. Qe2 Nc6 10. Ba6 Bxa6 11. Qxa6 e5 12. dxe5 dxe5 13. Bg5 Qc7 14. Bxf6 Bxf6 15. e4 Bg7 16. Nc4 Bh6 1/2-1/2

[Event "Hessenliga 1415"]
[Site "Hessen"]
[Date "2014.11.16"]
[Round "3.1"]
[White "Nothnagel, Holger"]
[Black "Meyer, Stefan"]
[Result "0-1"]
[WhiteElo "2306"]
[BlackElo "2093"]
[PlyCount "48"]
[EventDate "2014.09.28"]
[EventType "team-tourn"]
[EventRounds "9"]
[EventCountry "GER"]
[SourceTitle "EXT 2016"]
[Source "ChessBase"]
[SourceDate "2015.10.08"]
[SourceVersion "1"]
[SourceVersionDate "2015.10.08"]
[SourceQuality "1"]
[WhiteTeam "Griesheim II"]
[BlackTeam "Dotzheim"]
[WhiteTeamCountry "GER"]
[BlackTeamCountry "GER"]

1. b3 f5 2. Bb2 Nf6 3. c4 e6 4. Nf3 Be7 5. g3 0-0 6. Bg2 d6 7. d4 Ne4 8. 0-0 Bf6 9. Qc2 Nc6 10. Nbd2 Nxd2 11. Qxd2 e5 12. dxe5 dxe5 13. Qd5+ Kh8 14. e4 Qe7 15. exf5 Bxf5 16. Qd2 Rad8 17. Qe3 Rd3 18. Qe2 Rfd8 19. Rfd1 e4 20. Bxf6 Qxf6 21. Ne1 Nd4 22. Qf1 Rxd1 23. Rxd1 Bg4 24. Rd2 Qg5 0-1

[Event "Hessenliga 1415"]
[Site "Hessen"]
[Date "2014.10.12"]
[Round "2.2"]
[White "Nothnagel, Holger"]
[Black "Zimmermann, Hendrik"]
[Result "1/2-1/2"]
[WhiteElo "2306"]
[BlackElo "2122"]
[PlyCount "53"]
[EventDate "2014.09.28"]
[EventType "team-tourn"]
[EventRounds "9"]
[EventCountry "GER"]
[SourceTitle "EXT 2016"]
[Source "ChessBase"]
[SourceDate "2015.10.08"]
[SourceVersion "1"]
[SourceVersionDate "2015.10.08"]
[SourceQuality "1"]
[WhiteTeam "Griesheim II"]
[BlackTeam "Nied"]
[WhiteTeamCountry "GER"]
[BlackTeamCountry "GER"]

1. b3 e5 2. Bb2 Nc6 3. Nf3 e4 4. Nd4 Nf6 5. c4 Bc5 6. Nxc6 dxc6 7. e3 Bf5 8. Be2 h5 9. Qc2 Qd7 10. Bxf6 gxf6 11. Nc3 0-0-0 12. 0-0-0 Qe6 13. h4 Qe5 14. Kb1 Bb4 15. Kb2 c5 16. a3 Ba5 17. Kc1 Bg6 18. Qb2 c6 19. Na4 Qe7 20. g4 Kb8 21. Nxc5 hxg4 22. b4 Bc7 23. Bxg4 Be5 24. Qc2 b6 25. Nb3 Rh6 26. h5 Bh7 27. Be2 1/2-1/2

[Event "Bundesliga 1314"]
[Site "Germany"]
[Date "2013.11.24"]
[Round "4.7"]
[White "Rau, Hannes"]
[Black "Nothnagel, Holger"]
[Result "1/2-1/2"]
[WhiteElo "2458"]
[BlackElo "2303"]
[PlyCount "120"]
[EventDate "2013.10.12"]
[EventType "team-tourn"]
[EventRounds "15"]
[EventCountry "GER"]
[SourceTitle "CBM 158"]
[Source "ChessBase"]
[SourceDate "2014.01.16"]
[SourceVersion "1"]
[SourceVersionDate "2014.01.16"]
[SourceQuality "1"]
[WhiteTeam "Hockenheim"]
[BlackTeam "Griesheim"]
[WhiteTeamCountry "GER"]
[BlackTeamCountry "GER"]

1. d4 c5 2. d5 Nf6 3. c4 b5 4. cxb5 a6 5. bxa6 g6 6. Nc3 Bxa6 7. g3 d6 8. Bg2 Bg7 9. Nf3 Nbd7 10. 0-0 0-0 11. Qc2 Ra7 12. Rd1 Qa8 13. b3 Rb8 14. Bb2 Rc7 15. e3 Qb7 16. Rab1 Qc8 17. Ba1 Rcb7 18. h3 h6 19. Kh2 Ra7 20. Bf1 Bxf1 21. Rxf1 Qa6 22. a4 Rab7 23. Nd2 Ne5 24. f4 Neg4+ 25. hxg4 Nxg4+ 26. Kg1 Nxe3 27. Qe4 Nxf1 28. Rxf1 Rb4 29. Qf3 Rd4 30. Qg2 Qd3 31. Rf2 Rdb4 32. Qf3 Rd4 33. Qg2 Rdb4 34. Rf3 Qc2 35. Kh2 Rd4 36. Rf2 Qc1 37. Ndb1 Rd3 38. Rc2 Qe3 39. Re2 Qd4 40. Rxe7 Rxb3 41. Re4 Qf6 42. Qe2 Rxd5 43. Nxd5 Qxa1 44. Nd2 Rb2 45. Qg2 Bd4 46. Re2 Qxa4 47. f5 Be5 48. Qf3 Qh4+ 49. Kg2 Qg5 50. Ne4 Rxe2+ 51. Qxe2 Qd8 52. Qf3 Kg7 53. f6+ Kh7 54. Qb3 Qa8 55. Kh2 Qc8 56. Ne7 c4 57. Qb5 Qg4 58. Qd5 Bxg3+ 59. Nxg3 Qh4+ 60. Kg2 Qxf6 1/2-1/2

[Event "Hessenliga 1213"]
[Site "Germany"]
[Date "2012.10.07"]
[Round "2.1"]
[White "Uwira, Oliver"]
[Black "Nothnagel, Holger"]
[Result "1/2-1/2"]
[WhiteElo "2249"]
[BlackElo "2303"]
[PlyCount "133"]
[EventDate "2012.09.16"]
[EventType "team-tourn"]
[EventRounds "9"]
[EventCountry "GER"]
[SourceTitle "EXT 2014"]
[Source "ChessBase"]
[SourceDate "2013.11.20"]
[SourceVersion "1"]
[SourceVersionDate "2013.11.20"]
[SourceQuality "1"]
[WhiteTeam "Nied"]
[BlackTeam "Griesheim II"]
[WhiteTeamCountry "GER"]
[BlackTeamCountry "GER"]

1. d4 g6 2. c4 Bg7 3. Nc3 c5 4. d5 Bxc3+ 5. bxc3 e5 6. e4 d6 7. Bd3 Nd7 8. Ne2 Qe7 9. 0-0 Ngf6 10. f3 Nh5 11. g3 0-0 12. Bh6 Ng7 13. g4 Nb6 14. Kh1 Kh8 15. Rg1 Bd7 16. Qd2 Rg8 17. Rg3 Raf8 18. Rag1 f6 19. f4 exf4 20. Bxf4 g5 21. Be3 Nxc4 22. Qc1 Re8 23. R1g2 Ne5 24. Bb1 h5 25. h4 gxh4 26. Bd4 Nf5 27. Bxe5 hxg3 28. exf5 dxe5 29. Qh6+ Qh7 30. Qxf6+ Qg7 31. Qd6 h4 32. Nxg3 Qf8 33. Qxf8 Rexf8 34. Ne4 Bxf5 35. gxf5 Rxf5 36. Rxg8+ Kxg8 37. Kg2 b6 38. Bc2 Rf4 39. Kh3 Kf7 40. d6 Ke6 41. Bb3+ Kd7 42. Ba4+ Ke6 43. Bc6 c4 44. d7 Ke7 45. Nd6 Rf8 46. Nb7 e4 47. d8Q+ Rxd8 48. Nxd8 e3 49. Kg2 Kxd8 50. Kf3 Kc7 51. Bb5 Kd6 52. Bxc4 h3 53. Bf1 Kc5 54. Kxe3 h2 55. Bg2 b5 56. Kd3 b4 57. Kc2 Kb5 58. cxb4 Kxb4 59. Kb2 Ka4 60. a3 Ka5 61. Kb3 Kb5 62. a4+ Kc5 63. Kc3 Kb6 64. Kb4 Ka6 65. Be4 Kb6 66. a5+ Ka6 67. Bh1 1/2-1/2

[Event "BL2-Sued 1112"]
[Site "Germany"]
[Date "2012.03.18"]
[Round "8.6"]
[White "Schenderowitsch, Michael"]
[Black "Nothnagel, Holger"]
[Result "1-0"]
[WhiteElo "2286"]
[BlackElo "2309"]
[PlyCount "103"]
[EventDate "2011.10.02"]
[EventType "team-tourn"]
[EventRounds "9"]
[EventCountry "GER"]
[SourceTitle "EXT 2015"]
[Source "ChessBase"]
[SourceDate "2014.11.20"]
[SourceVersion "1"]
[SourceVersionDate "2014.11.20"]
[SourceQuality "1"]
[WhiteTeam "Schott Mainz"]
[BlackTeam "Griesheim"]
[WhiteTeamCountry "GER"]
[BlackTeamCountry "GER"]

1. c4 Nf6 2. Nf3 e6 3. d4 c5 4. d5 exd5 5. cxd5 g6 6. Nc3 Bg7 7. Bf4 0-0 8. Bd6 Re8 9. Bxc5 b6 10. Bd4 Bb7 11. e3 d6 12. Qb3 Nbd7 13. Rd1 Rc8 14. a4 Nc5 15. Qa2 Re7 16. Be2 Na6 17. Qb3 Nc5 18. Qa3 Qd7 19. 0-0 Nfe4 20. Nxe4 Rxe4 21. Bb5 Qd8 22. b4 Nd7 23. Qd3 Re7 24. Bxg7 Kxg7 25. Rc1 Nf6 26. Bc6 a5 27. b5 Rb8 28. Bxb7 Rbxb7 29. Nd4 Qe8 30. Nc6 Re4 31. Rc4 Rxc4 32. Qxc4 Ne4 33. Qd4+ f6 34. f3 Nc5 35. e4 Rf7 36. Re1 Kg8 37. Re3 Rf8 38. h3 Qf7 39. Kh2 Re8 40. Kg1 Kg7 41. f4 Nd7 42. Qc4 Rc8 43. Qd4 Re8 44. Kh2 Qf8 45. Qc4 Rc8 46. Qa2 Kg8 47. Qa1 Nc5 48. Qd4 Nd7 49. Qa1 Nc5 50. Qd4 Nd7 51. Qd1 Qh6 52. Ne7+ 1-0

[Event "BL2-Sued 0910"]
[Site "Germany"]
[Date "2009.11.03"]
[Round "2.6"]
[White "Mandel, Andreas"]
[Black "Nothnagel, Holger"]
[Result "1-0"]
[WhiteElo "2398"]
[BlackElo "2301"]
[PlyCount "103"]
[EventDate "2009.10.18"]
[EventType "team-tourn"]
[EventRounds "9"]
[EventCountry "GER"]
[SourceTitle "EXT 2011"]
[Source "ChessBase"]
[SourceDate "2010.11.26"]
[SourceVersion "1"]
[SourceVersionDate "2010.11.26"]
[SourceQuality "1"]
[WhiteTeam "Viernheim"]
[BlackTeam "Griesheim"]
[WhiteTeamCountry "GER"]
[BlackTeamCountry "GER"]

1. d4 Nf6 2. Nf3 e6 3. c4 Bb4+ 4. Bd2 Bxd2+ 5. Qxd2 b6 6. g3 Bb7 7. Bg2 d6 8. 0-0 0-0 9. Nc3 Ne4 10. Nxe4 Bxe4 11. Qf4 Bb7 12. Rfd1 Nd7 13. Ne1 Bxg2 14. Nxg2 Re8 15. Rac1 Qe7 16. Ne3 Nf6 17. Qf3 c5 18. Rd2 g6 19. Rcd1 Red8 20. h3 Rab8 21. b3 Kg7 22. Qf4 cxd4 23. Qxd4 b5 24. cxb5 Rxb5 25. Ng4 Ra5 26. Qc3 Ra6 27. e4 e5 28. Nxf6 Qxf6 29. Qc7 Kf8 30. Qb7 Ra5 31. Kg2 Qe7 32. Qc6 h5 33. a4 Rc5 34. Qxc5 dxc5 35. Rxd8+ Kg7 36. R8d7 Qe6 37. R1d5 Qb6 38. Rxe5 Qxb3 39. Ree7 Qxa4 40. Rxa7 Qc4 41. h4 Kf6 42. Rxf7+ Ke5 43. Rae7+ Kd4 44. Rf6 Qe2 45. Rf3 c4 46. Rd7+ Kc5 47. Re3 Qg4 48. Rd2 Kb4 49. e5 g5 50. e6 gxh4 51. e7 hxg3 52. fxg3 1-0

[Event "BL2-Sued 0910"]
[Site "Germany"]
[Date "2009.10.18"]
[Round "1.6"]
[White "Nothnagel, Holger"]
[Black "Kachiani Gersinska, Ketino"]
[Result "0-1"]
[WhiteElo "2301"]
[BlackElo "2215"]
[PlyCount "58"]
[EventDate "2009.10.18"]
[EventType "team-tourn"]
[EventRounds "9"]
[EventCountry "GER"]
[SourceTitle "EXT 2011"]
[Source "ChessBase"]
[SourceDate "2010.11.26"]
[SourceVersion "1"]
[SourceVersionDate "2010.11.26"]
[SourceQuality "1"]
[WhiteTeam "Griesheim"]
[BlackTeam "Baden-Baden II"]
[WhiteTeamCountry "GER"]
[BlackTeamCountry "GER"]

1. b3 e5 2. Bb2 Nc6 3. Nf3 e4 4. Nd4 Nxd4 5. Bxd4 Ne7 6. c4 d5 7. cxd5 Nxd5 8. g3 Bf5 9. Nc3 c5 10. Be5 Qe7 11. Nxd5 Qxe5 12. Ne3 Bg6 13. Bg2 Be7 14. 0-0 h5 15. Nc4 Qe6 16. d4 Rd8 17. e3 Bf6 18. Rc1 h4 19. Qe1 cxd4 20. exd4 hxg3 21. hxg3 Bxd4 22. Ne3 Qe5 23. Qe2 Bh5 24. Ng4 Qe6 25. Bh3 f5 26. Qb5+ Kf8 27. Ne3 Bf3 28. Bg2 Qh6 29. Qxf5+ Kg8 0-1

[Event "Oberliga Ost-B 0809"]
[Site "Germany"]
[Date "2009.03.15"]
[Round "9.5"]
[White "Nothnagel, Holger"]
[Black "Weise, Martin"]
[Result "1-0"]
[WhiteElo "2306"]
[BlackElo "2144"]
[PlyCount "81"]
[EventDate "2008.10.26"]
[EventType "team-tourn"]
[EventRounds "11"]
[EventCountry "GER"]
[SourceTitle "EXT 2010"]
[Source "ChessBase"]
[SourceDate "2010.11.25"]
[SourceVersion "1"]
[SourceVersionDate "2010.11.25"]
[SourceQuality "1"]
[WhiteTeam "Griesheim"]
[BlackTeam "Hungen Lich"]
[WhiteTeamCountry "GER"]
[BlackTeamCountry "GER"]

1. b3 Nf6 2. Bb2 d5 3. e3 c6 4. f4 Bg4 5. Be2 Bxe2 6. Qxe2 Nbd7 7. Nf3 g6 8. d3 Bg7 9. Nbd2 a5 10. a4 Nc5 11. g4 Qc8 12. h3 Nh5 13. Bxg7 Nxg7 14. d4 Na6 15. Ne5 Qc7 16. 0-0-0 f6 17. Nd3 0-0-0 18. Nf3 Kb8 19. Kb1 Rc8 20. e4 e6 21. Rhe1 Nb4 22. Nxb4 axb4 23. Qd2 Rhd8 24. e5 fxe5 25. Nxe5 Qb6 26. Qe3 Rc7 27. Nd3 Rf7 28. Rf1 Rdf8 29. Rf2 Ka7 30. Qe5 Ka8 31. Kb2 h6 32. Rdf1 Rf6 33. Nc5 R6f7 34. Nd3 Rf6 35. a5 Qb5 36. Qd6 Ne8 37. Qd8+ Ka7 38. Nc5 Ng7 39. Qc7 R6f7 40. Nd7 Ka8 41. a6 1-0